Statistics for Avril Lavigne Quiz

Click here to take the quiz!

General Stats

  • This quiz has been taken 37 times
  • The average score is 8 of 15

Answer Stats

HintAnswer% Correct
Full NameAvril Ramona Lavigne
88%
What Year
Was She Born?
1984
83%
What Year Did She
Make Her First Album?
2002
83%
How Many Studio Albums
Has She Released?
6
75%
How Many Grammy
Nominations Has She
Received?
8
75%
First SongComplicated
75%
First Studio AlbumLet Go
71%
Where Was She Born?Belleville/Ontario/Canada
58%
Name One Of Her
Husbands
Chad Kroeger/
Deryck Whibley
54%
Newest Album As Of 2022Love Sux
54%
Who Did She Sing With
After Winning In 1999?
Shania Twain
33%
When's Her
Birthday?
September 27th
17%
What Did She Win In 1999?Radio Contest
8%
Height1.57m/5.1ft
4%
When Did She Give Birth
To Child
April 2018
4%

Score Distribution

Percentile by Number Answered

Percent of People with Each Score

Your Score History

You have not taken this quiz